<?xml version="1.0" encoding="UTF-8"?>
<record
    xmlns:xsi="http://www.w3.org/2001/XMLSchema-instance"
    xsi:schemaLocation="http://www.loc.gov/MARC21/slim http://www.loc.gov/standards/marcxml/schema/MARC21slim.xsd"
    xmlns="http://www.loc.gov/MARC21/slim">

  <leader>01159nam a22002417a 4500</leader>
  <controlfield tag="003">OSt</controlfield>
  <controlfield tag="005">20170909071316.0</controlfield>
  <controlfield tag="008">160502s2017    ua     g b    000 0 ara d</controlfield>
  <datafield tag="020" ind1=" " ind2=" ">
    <subfield code="a">9789776567108</subfield>
  </datafield>
  <datafield tag="040" ind1=" " ind2=" ">
    <subfield code="a">Ma-Un</subfield>
    <subfield code="b">ara</subfield>
    <subfield code="c">Dar Arab</subfield>
  </datafield>
  <datafield tag="082" ind1="0" ind2="4">
    <subfield code="a">347.567035</subfield>
    <subfield code="2">21 </subfield>
    <subfield code="b">&#x632; &#x623; &#x631;</subfield>
  </datafield>
  <datafield tag="100" ind1="1" ind2=" ">
    <subfield code="a">&#x627;&#x644;&#x632;&#x647;&#x64A;&#x631;&#x64A;&#x60C; &#x623;&#x632;&#x647;&#x627;&#x631; &#x647;&#x627;&#x634;&#x645; &#x623;&#x62D;&#x645;&#x62F;</subfield>
    <subfield code="9">59369</subfield>
  </datafield>
  <datafield tag="245" ind1="1" ind2="2">
    <subfield code="a">&#x627;&#x644;&#x631;&#x642;&#x627;&#x628;&#x629; &#x639;&#x644;&#x649; &#x62F;&#x633;&#x62A;&#x648;&#x631;&#x64A;&#x629; &#x627;&#x644;&#x623;&#x646;&#x638;&#x645;&#x629; &#x648;&#x627;&#x644;&#x642;&#x631;&#x627;&#x631;&#x627;&#x62A; &#x627;&#x644;&#x625;&#x62F;&#x627;&#x631;&#x64A;&#x629; &#x641;&#x64A; &#x638;&#x644; &#x62F;&#x633;&#x62A;&#x648;&#x631; &#x62C;&#x645;&#x647;&#x648;&#x631;&#x64A;&#x629; &#x627;&#x644;&#x639;&#x631;&#x627;&#x642; &#x644;&#x633;&#x646;&#x629; 2005 :</subfield>
    <subfield code="b">&#x62F;&#x631;&#x627;&#x633;&#x629; &#x645;&#x642;&#x627;&#x631;&#x646;&#x629; /</subfield>
    <subfield code="c">&#x623;&#x632;&#x647;&#x627;&#x631; &#x647;&#x627;&#x634;&#x645; &#x623;&#x62D;&#x645;&#x62F; &#x627;&#x644;&#x632;&#x647;&#x64A;&#x631;&#x64A;.</subfield>
  </datafield>
  <datafield tag="250" ind1=" " ind2=" ">
    <subfield code="a">&#x637;. 1.</subfield>
  </datafield>
  <datafield tag="260" ind1=" " ind2=" ">
    <subfield code="a">&#x627;&#x644;&#x642;&#x627;&#x647;&#x631;&#x629; :</subfield>
    <subfield code="b">&#x627;&#x644;&#x645;&#x631;&#x643;&#x632; &#x627;&#x644;&#x639;&#x631;&#x628;&#x64A; &#x644;&#x644;&#x646;&#x634;&#x631; &#x648;&#x627;&#x644;&#x62A;&#x648;&#x632;&#x64A;&#x639;&#x60C;</subfield>
    <subfield code="c">2017.</subfield>
  </datafield>
  <datafield tag="300" ind1=" " ind2=" ">
    <subfield code="a">384 &#x635;. &#x61B;</subfield>
    <subfield code="c">24 &#x633;&#x645;.</subfield>
  </datafield>
  <datafield tag="504" ind1=" " ind2=" ">
    <subfield code="a">&#x64A;&#x634;&#x62A;&#x645;&#x644; &#x639;&#x644;&#x64A; &#x625;&#x631;&#x62C;&#x627;&#x639;&#x627;&#x62A; &#x628;&#x628;&#x644;&#x64A;&#x648;&#x62C;&#x631;&#x627;&#x641;&#x64A;&#x629;.</subfield>
  </datafield>
  <datafield tag="650" ind1=" " ind2="4">
    <subfield code="a">&#x62F;&#x633;&#x62A;&#x648;&#x631;&#x64A;&#x629; &#x627;&#x644;&#x642;&#x648;&#x627;&#x646;&#x64A;&#x646;</subfield>
    <subfield code="z">&#x627;&#x644;&#x639;&#x631;&#x627;&#x642;</subfield>
    <subfield code="9">59208</subfield>
  </datafield>
  <datafield tag="650" ind1=" " ind2="4">
    <subfield code="a">&#x627;&#x644;&#x631;&#x642;&#x627;&#x628;&#x629; &#x627;&#x644;&#x642;&#x636;&#x627;&#x626;&#x64A;&#x629; &#x639;&#x644;&#x649; &#x62F;&#x633;&#x62A;&#x648;&#x631;&#x64A;&#x629; &#x627;&#x644;&#x642;&#x648;&#x627;&#x646;&#x64A;&#x646;</subfield>
    <subfield code="z">&#x627;&#x644;&#x639;&#x631;&#x627;&#x642;</subfield>
    <subfield code="9">59370</subfield>
  </datafield>
  <datafield tag="650" ind1=" " ind2="4">
    <subfield code="a">&#x627;&#x644;&#x642;&#x631;&#x627;&#x631;&#x627;&#x62A; &#x627;&#x644;&#x625;&#x62F;&#x627;&#x631;&#x64A;&#x629;</subfield>
    <subfield code="x">&#x642;&#x648;&#x627;&#x646;&#x64A;&#x646; &#x648;&#x62A;&#x634;&#x631;&#x64A;&#x639;&#x627;&#x62A;</subfield>
    <subfield code="z">&#x627;&#x644;&#x639;&#x631;&#x627;&#x642;</subfield>
    <subfield code="9">54048</subfield>
  </datafield>
  <datafield tag="651" ind1=" " ind2="4">
    <subfield code="a">&#x627;&#x644;&#x639;&#x631;&#x627;&#x642;</subfield>
    <subfield code="x">&#x62F;&#x633;&#x62A;&#x648;&#x631; (2005)</subfield>
    <subfield code="9">59371</subfield>
  </datafield>
  <datafield tag="942" ind1=" " ind2=" ">
    <subfield code="c">BOOK</subfield>
  </datafield>
  <datafield tag="999" ind1=" " ind2=" ">
    <subfield code="c">40767</subfield>
    <subfield code="d">310387</subfield>
  </datafield>
  <datafield tag="952" ind1=" " ind2=" ">
    <subfield code="1">0</subfield>
    <subfield code="2">2017-09-09</subfield>
    <subfield code="4">0</subfield>
    <subfield code="7">1</subfield>
    <subfield code="a">347.567035 &#x632; &#x623; &#x631;</subfield>
    <subfield code="c">1</subfield>
    <subfield code="d">2017-09-09</subfield>
    <subfield code="h">CL</subfield>
    <subfield code="i">00233343</subfield>
    <subfield code="m">CL</subfield>
    <subfield code="r">2017-09-09 00:00:00</subfield>
    <subfield code="t">BOOK</subfield>
    <subfield code="w">ddc</subfield>
    <subfield code="y">0</subfield>
  </datafield>
  <datafield tag="952" ind1=" " ind2=" ">
    <subfield code="1">0</subfield>
    <subfield code="2">2017-09-09</subfield>
    <subfield code="4">0</subfield>
    <subfield code="7">0</subfield>
    <subfield code="a">347.567035 &#x632; &#x623; &#x631;</subfield>
    <subfield code="c">2</subfield>
    <subfield code="d">2017-09-09</subfield>
    <subfield code="h">CL</subfield>
    <subfield code="i">00233342</subfield>
    <subfield code="m">CL</subfield>
    <subfield code="r">2017-09-09 00:00:00</subfield>
    <subfield code="t">BOOK</subfield>
    <subfield code="w">ddc</subfield>
    <subfield code="y">0</subfield>
  </datafield>
  <datafield tag="952" ind1=" " ind2=" ">
    <subfield code="1">0</subfield>
    <subfield code="2">2017-09-09</subfield>
    <subfield code="4">0</subfield>
    <subfield code="7">0</subfield>
    <subfield code="a">347.567035 &#x632; &#x623; &#x631;</subfield>
    <subfield code="c">3</subfield>
    <subfield code="d">2017-09-09</subfield>
    <subfield code="h">CL</subfield>
    <subfield code="i">00233341</subfield>
    <subfield code="m">CL</subfield>
    <subfield code="q">2024-09-15</subfield>
    <subfield code="r">2024-10-13 00:00:00</subfield>
    <subfield code="t">BOOK</subfield>
    <subfield code="w">ddc</subfield>
    <subfield code="y">1</subfield>
  </datafield>
  <datafield tag="952" ind1=" " ind2=" ">
    <subfield code="1">0</subfield>
    <subfield code="2">2017-09-09</subfield>
    <subfield code="4">0</subfield>
    <subfield code="7">0</subfield>
    <subfield code="a">347.567035 &#x632; &#x623; &#x631;</subfield>
    <subfield code="c">2</subfield>
    <subfield code="d">2017-09-09</subfield>
    <subfield code="h">SZM</subfield>
    <subfield code="i">00233345</subfield>
    <subfield code="m">SZM</subfield>
    <subfield code="r">2017-09-09 00:00:00</subfield>
    <subfield code="t">BOOK</subfield>
    <subfield code="w">ddc</subfield>
    <subfield code="y">0</subfield>
  </datafield>
  <datafield tag="952" ind1=" " ind2=" ">
    <subfield code="1">0</subfield>
    <subfield code="2">2017-09-09</subfield>
    <subfield code="4">0</subfield>
    <subfield code="7">1</subfield>
    <subfield code="a">347.567035 &#x632; &#x623; &#x631;</subfield>
    <subfield code="c">1</subfield>
    <subfield code="d">2017-09-09</subfield>
    <subfield code="h">SZM</subfield>
    <subfield code="i">00233344</subfield>
    <subfield code="m">SZM</subfield>
    <subfield code="r">2017-09-09 00:00:00</subfield>
    <subfield code="t">BOOK</subfield>
    <subfield code="w">ddc</subfield>
    <subfield code="y">0</subfield>
  </datafield>
  <datafield tag="952" ind1=" " ind2=" ">
    <subfield code="1">0</subfield>
    <subfield code="2">2017-09-09</subfield>
    <subfield code="4">0</subfield>
    <subfield code="7">1</subfield>
    <subfield code="a">347.567035 &#x632; &#x623; &#x631;</subfield>
    <subfield code="c">1</subfield>
    <subfield code="d">2017-09-09</subfield>
    <subfield code="h">SGM</subfield>
    <subfield code="i">00233347</subfield>
    <subfield code="m">SGM</subfield>
    <subfield code="r">2017-09-09 00:00:00</subfield>
    <subfield code="t">BOOK</subfield>
    <subfield code="w">ddc</subfield>
    <subfield code="y">0</subfield>
  </datafield>
  <datafield tag="952" ind1=" " ind2=" ">
    <subfield code="1">0</subfield>
    <subfield code="2">2017-09-09</subfield>
    <subfield code="4">0</subfield>
    <subfield code="7">0</subfield>
    <subfield code="a">347.567035 &#x632; &#x623; &#x631;</subfield>
    <subfield code="c">2</subfield>
    <subfield code="d">2017-09-09</subfield>
    <subfield code="h">SGM</subfield>
    <subfield code="i">00233346</subfield>
    <subfield code="m">SGM</subfield>
    <subfield code="r">2017-09-09 00:00:00</subfield>
    <subfield code="t">BOOK</subfield>
    <subfield code="w">ddc</subfield>
    <subfield code="y">0</subfield>
  </datafield>
</record>
